Applied Partial Differential Equations

Saved in:
Bibliographic Details
Main Author: Trim, Donald W.
Format: Book
Language:English
Published: Boston : Pws-Kent Publishing Company, 1990
Series:Prindle, Weber and Schmidt series in mathematics
Subjects:
Tags: Add Tag
No Tags, Be the first to tag this record!

MARC

LEADER 00000nam a2200000 i 4500
001 1/50418
008 950921s1990 eng d
020 |a 0-534-92134-5 
035 |a 1995  |c ΦΛΕΣΣΑΣ  |l 10043872 
040 |a GR-MY-UA  |b gre  |e aacr 
041 0 |a eng 
082 0 |a 515.353 
100 1 |a Trim, Donald W. 
245 1 0 |a Applied Partial Differential Equations /  |c Donald W. Trim 
260 |a Boston :   |b Pws-Kent Publishing Company,   |c 1990 
300 |a 485 p.;  |c 25 cm. 
490 1 |a Prindle, Weber & Schmidt series in mathematics 
500 |a Includes bibliographical references and index 
650 0 0 |a Differential equations, Partial. 
830 0 |a Prindle, Weber and Schmidt series in mathematics 
852 |a INST  |b SAMOS  |e 19950921  |h 515.353 TRI  |p 005300004876  |q 005300004876  |t BK  |y 4  |x 20200311 
909 |a Σ  |b 040787